00322pab a2200121 454500008004000000100001700040245006100057260000900118300001000127362001300137650002100150773002900171180718b1988 xxu||||| |||| 00| 0 eng d aHancox, Andy aImproving local government's imagebAn agenda for action c1988 a13-17 aMay-June aLocal Government aLocal Government Studies